| 000 | 00882nam a22002657a 4500 | ||
|---|---|---|---|
| 001 | BR7805617 | ||
| 003 | BR-BrBNA | ||
| 005 | 20230928085718.0 | ||
| 007 | ta | ||
| 008 | 230509b bl.||||| |||| 00| 0 por d | ||
| 040 |
_aBR-BrBNA _bpor _cBiblioteca Nacional de Agricultura |
||
| 041 | _a(Por) | ||
| 072 |
_aE50; E10 _b/G514 |
||
| 090 | _ E50 BR7805617 | ||
| 110 | 1 |
_aFundacao Universidade de Brasilia, DF (Brasil). Depto. de Economia; _95043 |
|
| 110 | 1 |
_aSuperintendencia do Desenvolvimento da Regiao Centro-Oeste, Brasilia, DF (Brasil) _910092 |
|
| 245 | 1 | _aDiagnostico geo-socio-economico da regiao centro-oeste do Brasil. Setores: demografia e mao-de-obra | |
| 260 | 3 |
_aBrasilia, DF (Brasil): _c1978. |
|
| 300 | _a221 p. | ||
| 650 | _aMIGRACAO RURAL | ||
| 650 | _aMAO-DE-OBRA | ||
| 650 | _aREGIAO CENTRO-OESTE | ||
| 909 |
_a202309 _bLucia _c55 _dLucia Elande |
||
| 942 | _cBK | ||
| 999 |
_c25921 _d25921 |
||